100 Most Used Fortnite Skins By Picture - Statistics

General Stats
  • This quiz has been taken 614 times
  • The average score is 25 of 100
Answer Stats
Picture Answer % Correct
Aura
87%
Spider-Man
83%
Travis Scott
81%
Midas
74%
Fishstick
73%
Lara Croft
69%
Dummy
66%
Bugha
64%
Tony Stark
64%
Ghoul Trooper
63%
Harley Quinn
57%
Crystal
53%
Scuba Crystal
53%
Focus
52%
Recon Expert
52%
Nog Ops
50%
Siren
50%
Surf Witch
49%
Lynx
47%
Dark Bomber
45%
Sparkplug
43%
Chaos Agent
42%
Chaos Double Agent
42%
Jules
42%
Manic
42%
Dynamo
41%
Evie
39%
Renegade
39%
Echo
37%
Mogul Master
37%
Bullseye
35%
Human Bill
31%
Blaze
30%
Dark Wild Card
30%
Elite Agent
29%
Kuno
29%
Par Patroller
29%
Double Agent Wild Card
28%
Joltara
28%
Birdie
27%
Haze
25%
Kor
25%
B.R.U.T.E. Gunner
24%
Red Jade
23%
Backlash
22%
Zadie
22%
Double Agent Hush
20%
Hush
20%
Krisabelle
20%
Jennifer Walters
18%
Poised Playmaker
17%
Scarlet Commander
17%
Charlotte
16%
Mogul Master (CAN)
16%
Assault Trooper
15%
Sunny
15%
Caper
14%
Commando
14%
Haven
14%
Tilted Teknique
12%
Blizzabelle
11%
Mogul Master (GER)
11%
Tsuki 2.0
11%
Helsie
10%
Pitstop
10%
Polarity
10%
Recon Specialist
10%
Scarlet Defender
10%
Harlowe
9%
Tigeress
9%
Unchained Ramirez
9%
Adira
8%
Arctic Adeline
8%
Cozy Commander
8%
Mogul Master (CHN)
8%
Catwoman Comic Book
7%
Envoy
7%
Sabina
7%
Erisa
6%
Ruby Shadows
6%
Clinical Crosser
5%
Jolly Jammer
5%
Modena Icon
5%
Polo Prodigy
5%
Tricksy
5%
Dynamo Dancer
4%
Mogul Master (GBR)
4%
Windwalker Echo
4%
Color Crush
3%
Firebrand
3%
Headhunter Prime
3%
Holly Jammer
3%
Pitch Patroller
3%
Salty Striker
3%
Veronika
3%
Heron Stance Hero
2%
Phantasm
2%
Amplitude
1%
Tectonic Komplex
1%
Harmonizer
0%
No matching quizzes found
Score Distribution
Percent of People with Each Score
Percentile by Number Answered
Your Score History
You have not taken this quiz